FAO food and nutrition paper N.39 Quality control in fruit and vegetable processing
Shranjeno v:
| Glavni avtor: | |
|---|---|
| Format: | Knjiga |
| Jezik: | Undetermined |
| Izdano: |
Rome
FAO
1988
|
| Teme: | |
| Oznake: |
Označite
Brez oznak, prvi označite!
|
| Thư viện lưu trữ: | Trung tâm Học liệu Trường Đại học Cần Thơ |
|---|
| LEADER | 00640nam a2200217Ia 4500 | ||
|---|---|---|---|
| 001 | CTU_4296 | ||
| 008 | 210402s9999 xx 000 0 und d | ||
| 082 | |a 640 | ||
| 082 | |b F218/N39 | ||
| 100 | |a P W Board | ||
| 245 | 0 | |a FAO food and nutrition paper N.39 | |
| 245 | 0 | |b Quality control in fruit and vegetable processing | |
| 245 | 0 | |c P W Board, OMS | |
| 260 | |a Rome | ||
| 260 | |b FAO | ||
| 260 | |c 1988 | ||
| 526 | |a Công nghệ chế biến rau củ quả | ||
| 526 | |b NS239 | ||
| 650 | |a food industry and trade | ||
| 904 | |i Nguyễn Quang Điền, 960530 | ||
| 980 | |a Trung tâm Học liệu Trường Đại học Cần Thơ | ||